ბათუმის შოთა რუსთაველის სახელმწიფო უნივერსიტეტის ბიბლიოთეკა

საერთო-ქართველური კონსონანტური სისტემა : [მონოგრაფია] (ბიბ.ჩანაწერი № 50995)

000 -LEADER
fixed length control field 00827nam a2200217Ia 4500
001 - CONTROL NUMBER
control field 17952
003 - CONTROL NUMBER IDENTIFIER
control field GE_BSU
008 - FIXED-LENGTH DATA ELEMENTS--GENERAL INFORMATION
fixed length control field 181216s||||||||xx |||||||||||||| ||und||
040 ## - CATALOGING SOURCE
Transcribing agency GE_BSU
080 ## - UNIVERSAL DECIMAL CLASSIFICATION NUMBER
Universal Decimal Classification number 811.353'342
100 ## - MAIN ENTRY--PERSONAL NAME
Personal name მაჭავარიანი, გ.
245 ## - TITLE STATEMENT
Title საერთო-ქართველური კონსონანტური სისტემა : [მონოგრაფია]
245 ## - TITLE STATEMENT
Statement of responsibility, etc. რედ.გ.ახვლედიანი
260 ## - PUBLICATION, DISTRIBUTION, ETC.
Place of publication, distribution, etc. თბილისი
260 ## - PUBLICATION, DISTRIBUTION, ETC.
Name of publisher, distributor, etc. თბილ. უნ-ტის გამ-ბა
260 ## - PUBLICATION, DISTRIBUTION, ETC.
Date of publication, distribution, etc. 1965
300 ## - PHYSICAL DESCRIPTION
Extent 135გვ. ; 21სმ.
653 ## - INDEX TERM--UNCONTROLLED
Uncontrolled term მონოგრაფია
653 ## - INDEX TERM--UNCONTROLLED
Uncontrolled term საერთო-ქართველური კონსონანტური სისტემა
942 ## - ADDED ENTRY ELEMENTS (KOHA)
Koha item type წიგნი
ეგზემპლარები
Withdrawn status Lost status Damaged status Not for loan Date acquired Barcode Date last seen Price effective from Koha item type
        2018-12-17 45912 2018-12-17 2018-12-17 წიგნი